Normal view
MARC view
Entry Personal Name
001 - CONTROL NUMBER
- control field: 1239551
003 - CONTROL NUMBER IDENTIFIER
- control field: OSt
005 - DATE AND TIME OF LATEST TRANSACTION
- control field: 20260514122544.0
008 - FIXED-LENGTH DATA ELEMENTS
- fixed length control field: 260514|| aca||aabn | a|a d
040 ## - CATALOGING SOURCE
- Original cataloging agency: OSt
- Transcribing agency: OSt
100 ## - HEADING--PERSONAL NAME
- Personal name: Dr. Punita Kumari Sodhi
670 ## - SOURCE DATA FOUND
- Source citation: Work cat.: (OSt)1851490: Dr.Amit 1239550, Evaluation of Primary Open Angle Galucoma with Respect to Selected Lifestyle Disorders.
